000 00820cab a2200241 4500
001 ABS53688
008 090401t1995 xxu||||| |||| 00| 0 eng d
035 _a(Sirsi) u5921
041 _aeng
100 _aRooley, R.
245 _aSick building syndrome - the real facts
260 _c1995
350 _a0
490 _aStructural Survey
_v13(3) 1995, 5-8(4)
520 _aProvides symptoms of SBS and design and project planning considerations for the avoidance/alleviation of the problem.
650 _aBUILT ENVIRONMENT-BUILDING ELEMENTS-COMPLETE BUILDING SERVICES ELEMENTS-COMPLETE HEATING, VENTILATION AND AIR CONDITIONING SYSTEMS
650 _aDESIGN
650 _aPOLLUTION
650 _aSICK BUILDING SYNDROME
690 _aBUILT ENVIRONMENT-BUILDING PATHOLOGY
942 _n0
948 _c04/03/1997
999 _c3546
_d3546